[Event "Antofagasta 1st"]
[Site "Antofagasta"]
[Date "2012.11.03"]
[Round "8"]
[White "Soppe, Guillermo"]
[Black "Mesias Rojas, Rabindranath"]
[Result "1/2-1/2"]
[WhiteElo "2417"]
[BlackElo "2224"]
[PlyCount "92"]
[EventDate "2012.10.31"]
[EventType "tourn"]
[EventRounds "9"]
[EventCountry "CHI"]
[EventCategory "6"]
[SourceTitle "EXT 2014"]
[Source "ChessBase"]
[SourceDate "2013.11.20"]
[SourceVersion "1"]
[SourceVersionDate "2013.11.20"]
[SourceQuality "1"]

1. d4 Nf6 2. c4 c5 3. d5 e5 4. Nc3 d6 5. g3 Be7 6. Bg2 0-0 7. Nf3 Ne8 8. e4 Bd7 9. 0-0 Nc7 10. Be3 Bf6 11. Qd2 b5 12. b3 Nba6 13. Ne1 Rb8 14. Rc1 bxc4 15. bxc4 Na8 16. Nd1 Ba4 17. Nb2 Bd7 18. Nbd3 Be7 19. f4 f6 20. Bf3 Nb4 21. Nxb4 Rxb4 22. Nd3 Rb8 23. Nxc5 exf4 24. gxf4 dxc5 25. d6 Be6 26. Bxc5 Qd7 27. f5 Bf7 28. Rfd1 Bd8 29. Bf2 Nb6 30. Qd4 Nxc4 31. Rxc4 Bb6 32. Qd3 Bxf2+ 33. Kxf2 Bxc4 34. Qxc4+ Kh8 35. Rd2 Rfd8 36. e5 fxe5 37. f6 gxf6 38. Qh4 Qf5 39. Ke2 Qf4 40. Qxf4 exf4 41. d7 Kg7 42. Bg4 Rb4 43. Kf3 Rb5 44. h4 h5 45. Bh3 Kf7 46. Kxf4 a5 1/2-1/2

[Event "American Continental 08th"]
[Site "Mar del Plata"]
[Date "2012.10.21"]
[Round "11"]
[White "Supi, Luis Paulo"]
[Black "Soppe, Guillermo"]
[Result "0-1"]
[WhiteElo "2287"]
[BlackElo "2417"]
[PlyCount "45"]
[EventDate "2012.10.12"]
[EventType "swiss"]
[EventRounds "11"]
[EventCountry "ARG"]
[SourceTitle "EXT 2013"]
[Source "ChessBase"]
[SourceDate "2012.11.22"]
[SourceVersion "1"]
[SourceVersionDate "2012.11.22"]
[SourceQuality "1"]

1. e4 c6 2. Nf3 d5 3. Nc3 dxe4 4. Nxe4 Nf6 5. Nxf6+ gxf6 6. d4 Bg4 7. Be2 Qc7 8. c4 e6 9. Qa4 Nd7 10. b4 a5 11. b5 Bb4+ 12. Bd2 Bxf3 13. Bxf3 Bxd2+ 14. Kxd2 Nb6 15. Qb3 c5 16. Rhc1 0-0-0 17. d5 Rhe8 18. g3 exd5 19. cxd5 c4 20. Qc2 Qe5 21. Qc3 Rxd5+ 22. Kc2 Qxc3+ 23. Kxc3 0-1

[Event "American Continental 08th"]
[Site "Mar del Plata"]
[Date "2012.10.19"]
[Round "9"]
[White "Toniutti, Ezio"]
[Black "Soppe, Guillermo"]
[Result "1/2-1/2"]
[WhiteElo "2162"]
[BlackElo "2417"]
[PlyCount "56"]
[EventDate "2012.10.12"]
[EventType "swiss"]
[EventRounds "11"]
[EventCountry "ARG"]
[SourceTitle "EXT 2013"]
[Source "ChessBase"]
[SourceDate "2012.11.22"]
[SourceVersion "1"]
[SourceVersionDate "2012.11.22"]
[SourceQuality "1"]

1. d4 d5 2. c4 c6 3. Nf3 Nf6 4. e3 g6 5. Nc3 Bg7 6. Bd3 0-0 7. 0-0 Bg4 8. h3 Bxf3 9. Qxf3 e6 10. Rd1 Nbd7 11. Qe2 Re8 12. b3 a6 13. Bb2 Qe7 14. Rac1 Rad8 15. Qe1 Nh5 16. Be2 Nhf6 17. a3 h5 18. Rd2 Nb6 19. Qd1 Nc8 20. a4 Nd6 21. Bd3 Qd7 22. Qf3 dxc4 23. Bxc4 Nxc4 24. bxc4 e5 25. d5 cxd5 26. Nxd5 Nxd5 27. Rxd5 Qc6 28. Rcd1 Rc8 1/2-1/2

[Event "Kuna Arandu"]
[Site "Luque"]
[Date "2012.06.12"]
[Round "8"]
[White "Zambrana, Oswaldo"]
[Black "Soppe, Guillermo"]
[Result "1/2-1/2"]
[WhiteElo "2467"]
[BlackElo "2423"]
[PlyCount "91"]
[EventDate "2012.06.05"]
[EventType "tourn"]
[EventRounds "9"]
[EventCountry "PAR"]
[EventCategory "7"]
[SourceTitle "CBM 148 Extra"]
[Source "ChessBase"]
[SourceDate "2012.06.22"]
[SourceVersion "1"]
[SourceVersionDate "2012.06.22"]
[SourceQuality "1"]

1. e4 c6 2. d4 d5 3. Nd2 dxe4 4. Nxe4 Bf5 5. Ng3 Bg6 6. Nf3 Nd7 7. h4 h6 8. h5 Bh7 9. Bd3 Bxd3 10. Qxd3 Ngf6 11. Bf4 Qa5+ 12. Bd2 Qc7 13. 0-0-0 e6 14. Kb1 0-0-0 15. Ne4 Nxe4 16. Qxe4 Nf6 17. Qe2 c5 18. g3 Bd6 19. c4 a6 20. Bc3 Rhe8 21. Ne5 cxd4 22. Bxd4 Bxe5 23. Bxe5 Qc5 24. b3 Rxd1+ 25. Rxd1 Rd8 26. Re1 Rd7 27. g4 Qb4 28. Kc2 Qa5 29. f3 Qxa2+ 30. Bb2 Qa5 31. Qe3 Rc7 32. Ra1 Qc5 33. Bd4 Qc6 34. Kb2 Ne8 35. Ra5 Qd7 36. Be5 Rc6 37. Bc3 f6 38. Bb4 Nc7 39. Rc5 b5 40. cxb5 axb5 41. Rxc6 Qxc6 42. Bf8 Qd7 43. Qc5 Qd2+ 44. Qc2 Qd4+ 45. Kb1 Qd7 46. Qc5 1/2-1/2

[Event "Kuna Arandu"]
[Site "Luque"]
[Date "2012.06.11"]
[Round "6"]
[White "Delgado Ramirez, Neuris"]
[Black "Soppe, Guillermo"]
[Result "1/2-1/2"]
[WhiteElo "2591"]
[BlackElo "2423"]
[PlyCount "149"]
[EventDate "2012.06.05"]
[EventType "tourn"]
[EventRounds "9"]
[EventCountry "PAR"]
[EventCategory "7"]
[SourceTitle "CBM 148 Extra"]
[Source "ChessBase"]
[SourceDate "2012.06.22"]
[SourceVersion "1"]
[SourceVersionDate "2012.06.22"]
[SourceQuality "1"]

1. e4 c6 2. d4 d5 3. e5 Bf5 4. Nf3 e6 5. Be2 Nd7 6. 0-0 h6 7. Nbd2 Ne7 8. Nb3 Nc8 9. a4 Be7 10. a5 0-0 11. c4 dxc4 12. Nbd2 b5 13. axb6 Ncxb6 14. Nxc4 Nxc4 15. Bxc4 Nb6 16. Bd3 Bxd3 17. Qxd3 c5 18. Rd1 c4 19. Qe4 Qd5 20. Qg4 Kh8 21. Re1 a5 22. Bf4 Qd7 23. Qh3 Kh7 24. Re4 Nd5 25. Bd2 Rab8 26. Rg4 Rg8 27. Ng5+ Bxg5 28. Bxg5 Ne7 29. Qc3 Nf5 30. Be3 Qb5 31. d5 Qxd5 32. Rxc4 Nxe3 33. fxe3 Rxb2 34. Qxb2 Qxc4 35. Rxa5 Qe4 36. Qf2 Rc8 37. Ra1 Qxe5 38. Rf1 f5 39. h3 Rc4 40. Rd1 Re4 41. Rd3 Rb4 42. Rd1 Rb3 43. Re1 Qe4 44. Qf4 Qc2 45. Qf2 Qd3 46. Qf1 Qxf1+ 47. Kxf1 Rb2 48. Ra1 Kg6 49. Ra4 Kf6 50. h4 Rd2 51. Ra7 Rc2 52. Ra5 Rc4 53. g3 Rc2 54. Rb5 Ra2 55. Rc5 Rd2 56. Ra5 g5 57. hxg5+ Kxg5 58. e4 Kg4 59. exf5 exf5 60. Ra3 h5 61. Rb3 Rh2 62. Rb5 Rc2 63. Rb3 Ra2 64. Kg1 Re2 65. Kf1 Rh2 66. Rb5 Ra2 67. Rb3 h4 68. gxh4 Kxh4 69. Rc3 Kg4 70. Rb3 f4 71. Rc3 Rd2 72. Ra3 Kf5 73. Ra5+ Ke4 74. Ra4+ Rd4 75. Rxd4+ 1/2-1/2

[Event "Kuna Arandu"]
[Site "Luque"]
[Date "2012.06.11"]
[Round "7"]
[White "Soppe, Guillermo"]
[Black "Cubas, Jose Fernando"]
[Result "1/2-1/2"]
[WhiteElo "2423"]
[BlackElo "2534"]
[PlyCount "60"]
[EventDate "2012.06.05"]
[EventType "tourn"]
[EventRounds "9"]
[EventCountry "PAR"]
[EventCategory "7"]
[SourceTitle "CBM 148 Extra"]
[Source "ChessBase"]
[SourceDate "2012.06.22"]
[SourceVersion "1"]
[SourceVersionDate "2012.06.22"]
[SourceQuality "1"]

1. Nf3 Nf6 2. g3 d5 3. Bg2 c6 4. 0-0 Bg4 5. d4 Nbd7 6. Nbd2 e6 7. Re1 Be7 8. e4 dxe4 9. Nxe4 Nxe4 10. Rxe4 Bf5 11. Re1 0-0 12. c3 a5 13. a4 Re8 14. Be3 Bf6 15. Nd2 Nb6 16. Qb3 Re7 17. Ne4 Bxe4 18. Bxe4 Nd5 19. Bd2 Rd7 20. Re2 Qc7 21. Rae1 g6 22. h4 c5 23. dxc5 Qxc5 24. Kg2 h5 25. Bc1 Rc8 26. Bf3 Kg7 27. Re4 Qc7 28. Qb5 Qd8 29. Rc4 Rxc4 30. Qxc4 b6 1/2-1/2

[Event "Kuna Arandu"]
[Site "Luque"]
[Date "2012.06.10"]
[Round "5"]
[White "Soppe, Guillermo"]
[Black "Bachmann, Axel"]
[Result "0-1"]
[WhiteElo "2423"]
[BlackElo "2566"]
[PlyCount "64"]
[EventDate "2012.06.05"]
[EventType "tourn"]
[EventRounds "9"]
[EventCountry "PAR"]
[EventCategory "7"]
[SourceTitle "CBM 148 Extra"]
[Source "ChessBase"]
[SourceDate "2012.06.22"]
[SourceVersion "1"]
[SourceVersionDate "2012.06.22"]
[SourceQuality "1"]

1. d4 Nf6 2. Bg5 c5 3. Bxf6 gxf6 4. d5 Qb6 5. Qc1 Bh6 6. e3 f5 7. Ne2 Qf6 8. g3 b5 9. Bg2 d6 10. 0-0 Nd7 11. a4 b4 12. a5 Ba6 13. Re1 Bg7 14. Ra2 Bxe2 15. Rxe2 c4 16. c3 bxc3 17. Nxc3 Rb8 18. e4 f4 19. e5 Nxe5 20. Ne4 Qg6 21. Qxf4 0-0 22. Qe3 f5 23. Nd2 f4 24. gxf4 Nd3 25. Qe6+ Qxe6 26. Rxe6 Nxb2 27. Be4 c3 28. Nf1 Rxf4 29. Ne3 Bf6 30. Ra1 Rb4 31. Bc2 Rbd4 32. Rc1 Rd2 0-1

[Event "Asuncion2"]
[Site "Asuncion"]
[Date "2012.01.26"]
[Round "7"]
[White "Soppe, Guillermo"]
[Black "Valiente, Cristobal"]
[Result "1/2-1/2"]
[WhiteElo "2424"]
[BlackElo "2261"]
[PlyCount "73"]
[EventDate "2012.01.20"]
[EventType "tourn"]
[EventRounds "9"]
[EventCountry "PAR"]
[EventCategory "1"]
[SourceTitle "CBM 146 Extra"]
[Source "ChessBase"]
[SourceDate "2012.02.29"]
[SourceVersion "1"]
[SourceVersionDate "2012.02.29"]
[SourceQuality "1"]

1. Nf3 c5 2. c4 Nf6 3. g3 g6 4. Nc3 Bg7 5. d4 cxd4 6. Nxd4 0-0 7. Bg2 Nc6 8. 0-0 Nxd4 9. Qxd4 d6 10. Qd3 a6 11. Be3 Bf5 12. Qd2 Qd7 13. Bg5 Be6 14. b3 Rab8 15. a4 Bh3 16. Rac1 Bxg2 17. Kxg2 Rfe8 18. f3 Qc6 19. Rfd1 Nd7 20. Nd5 f6 21. Be3 Nc5 22. Rb1 Rbd8 23. a5 Nd7 24. Rbc1 e6 25. Nc3 Ne5 26. Bb6 Rd7 27. Kg1 f5 28. Na4 Nf7 29. Be3 h6 30. Nb6 Rdd8 31. b4 Kh7 32. Qd3 Qc7 33. b5 Ne5 34. Qd2 Qe7 35. Kg2 Bf6 36. Qc2 Qg7 37. Rd2 1/2-1/2

[Event "Asuncion2"]
[Site "Asuncion"]
[Date "2012.01.25"]
[Round "6"]
[White "Peralta, Eduardo"]
[Black "Soppe, Guillermo"]
[Result "1/2-1/2"]
[WhiteElo "2228"]
[BlackElo "2424"]
[PlyCount "26"]
[EventDate "2012.01.20"]
[EventType "tourn"]
[EventRounds "9"]
[EventCountry "PAR"]
[EventCategory "1"]
[SourceTitle "CBM 146 Extra"]
[Source "ChessBase"]
[SourceDate "2012.02.29"]
[SourceVersion "1"]
[SourceVersionDate "2012.02.29"]
[SourceQuality "1"]

1. c4 e6 2. Nf3 Nf6 3. g3 d5 4. Bg2 dxc4 5. 0-0 c6 6. a4 a5 7. Na3 Bxa3 8. Rxa3 0-0 9. b3 cxb3 10. Rxb3 Na6 11. Ba3 Re8 12. d4 Nb4 13. Ne5 Qc7 1/2-1/2

[Event "Asuncion2"]
[Site "Asuncion"]
[Date "2012.01.23"]
[Round "4"]
[White "Roman, Rodrigo"]
[Black "Soppe, Guillermo"]
[Result "0-1"]
[WhiteElo "2053"]
[BlackElo "2424"]
[PlyCount "44"]
[EventDate "2012.01.20"]
[EventType "tourn"]
[EventRounds "9"]
[EventCountry "PAR"]
[EventCategory "1"]
[SourceTitle "CBM 146 Extra"]
[Source "ChessBase"]
[SourceDate "2012.02.29"]
[SourceVersion "1"]
[SourceVersionDate "2012.02.29"]
[SourceQuality "1"]

1. Nf3 d5 2. g3 Bg4 3. Bg2 c6 4. 0-0 e6 5. d3 Bd6 6. Nbd2 Nd7 7. e4 Ne7 8. h3 Bh5 9. Qe1 0-0 10. Nh4 Qc7 11. d4 f6 12. Nb3 Rae8 13. Qc3 g5 14. Nf3 dxe4 15. Nfd2 Nd5 16. Qa5 e3 17. Qxc7 Bxc7 18. Nc4 exf2+ 19. Kxf2 Nb4 20. Ne3 Bg6 21. c3 Nd3+ 22. Kf3 e5 0-1

[Event "Capablanca Memorial op-A 46th"]
[Site "Havana"]
[Date "2011.05.21"]
[Round "10"]
[White "Linares Napoles, Oleiny"]
[Black "Soppe, Guillermo"]
[Result "0-1"]
[WhiteElo "2319"]
[BlackElo "2430"]
[PlyCount "94"]
[EventDate "2011.05.11"]
[EventType "swiss"]
[EventRounds "10"]
[EventCountry "CUB"]
[SourceTitle "CBM 142 Extra"]
[Source "ChessBase"]
[SourceDate "2011.06.27"]
[SourceVersion "1"]
[SourceVersionDate "2011.06.27"]
[SourceQuality "1"]

1. Nf3 Nf6 2. c4 e6 3. g3 d5 4. Bg2 Be7 5. 0-0 0-0 6. b3 c5 7. e3 Nc6 8. Bb2 dxc4 9. bxc4 Qb6 10. Qc1 Rd8 11. Rd1 Bd7 12. Nc3 Rac8 13. Rb1 Qc7 14. d3 a6 15. Ba1 Be8 16. a3 Rb8 17. Qb2 b5 18. cxb5 axb5 19. Ne4 b4 20. Rbc1 bxa3 21. Nxf6+ gxf6 22. Qxa3 Qa5 23. Qc3 Qxc3 24. Rxc3 Nb4 25. Ne1 Kf8 26. Bf3 Bb5 27. Kg2 Rb6 28. Be2 Ra6 29. Bf1 Ra2 30. d4 Bc6+ 31. Kg1 cxd4 32. exd4 Bd5 33. Re3 Rc8 34. Re2 Ra3 35. Bb2 Rb3 36. Ra1 Rb8 37. Ba3 Nc6 38. Bxe7+ Kxe7 39. Bg2 Nxd4 40. Rd2 Bxg2 41. Kxg2 Nf5 42. Nf3 Rb2 43. Ra7+ R2b7 44. Ra5 Kf8 45. Nd4 Ne7 46. Rda2 Kg7 47. Ra7 Kg6 0-1

[Event "Asuncion Roggio Cup-B 3rd"]
[Site "Asuncion"]
[Date "2010.05.24"]
[Round "4"]
[White "Soppe, Guillermo"]
[Black "Larrea, Manuel"]
[Result "1/2-1/2"]
[WhiteElo "2429"]
[BlackElo "2347"]
[PlyCount "135"]
[EventDate "2010.05.20"]
[EventType "tourn"]
[EventRounds "9"]
[EventCountry "PAR"]
[EventCategory "2"]
[SourceTitle "CBM 136 Extra"]
[Source "ChessBase"]
[SourceDate "2010.07.02"]
[SourceVersion "2"]
[SourceVersionDate "2010.07.15"]
[SourceQuality "1"]

1. d4 Nf6 2. c4 e6 3. Nf3 b6 4. e3 Bb7 5. Bd3 Ne4 6. 0-0 Be7 7. Nfd2 d5 8. cxd5 Nxd2 9. Nxd2 exd5 10. b3 0-0 11. Bb2 Ba6 12. Bxa6 Nxa6 13. Qe2 Qc8 14. Rfc1 Qb7 15. Nf3 Bf6 16. a3 Rac8 17. Rc2 Nb8 18. Rac1 Rfe8 19. Qd3 c6 20. h3 Nd7 21. a4 a6 22. Ba3 Re6 23. Bb4 Rce8 24. a5 b5 25. Rc3 g6 26. Qc2 Rc8 27. Ne1 Bd8 28. e4 Nf6 29. e5 Ne4 30. Nd3 Bg5 31. f4 Be7 32. Bxe7 Qxe7 33. Nc5 Nxc3 34. Qxc3 Qa7 35. b4 Re7 36. Qg3 f5 37. Qe3 Ra8 38. Kh2 Kh8 39. Qg3 Qb8 40. Rc3 Qf8 41. Qh4 Raa7 42. Rf3 Qf7 43. g4 Re8 44. Qg5 Kg7 45. Qh4 Qe7 46. Qf2 Rf8 47. g5 Kf7 48. Qh4 Ke8 49. Qh6 Rg8 50. h4 Qg7 51. Rc3 Ke7 52. Kg3 Raa8 53. Rc2 Ra7 54. Kf3 Raa8 55. Nd3 Rac8 56. Rh2 Rc7 57. Nc5 Ra7 58. Qxg7+ Rxg7 59. h5 Ra8 60. Rh1 Kf7 61. Nd7 Ke6 62. Nf6 Rc8 63. Rc1 Rgc7 64. Ke3 Rb7 65. Rh1 Rg7 66. hxg6 hxg6 67. Rh6 Ke7 68. Rh1 1/2-1/2

[Event "Asuncion-A 2nd"]
[Site "Asuncion"]
[Date "2009.07.07"]
[Round "9"]
[White "Soppe, Guillermo"]
[Black "Vera Gonzalez Quevedo, Reynaldo"]
[Result "1/2-1/2"]
[WhiteElo "2427"]
[BlackElo "2479"]
[PlyCount "27"]
[EventDate "2009.06.28"]
[EventType "tourn"]
[EventRounds "9"]
[EventCountry "PAR"]
[EventCategory "8"]
[SourceTitle "CBM 131 Extra"]
[Source "ChessBase"]
[SourceDate "2009.09.03"]
[SourceVersion "2"]
[SourceVersionDate "2009.09.16"]
[SourceQuality "1"]

1. d4 Nf6 2. Nf3 g6 3. Bg5 Bg7 4. Nbd2 d5 5. e3 0-0 6. Be2 c5 7. c3 Nbd7 8. 0-0 Re8 9. Rc1 e5 10. dxe5 Nxe5 11. Nxe5 Rxe5 12. Nf3 Re8 13. Qa4 Bd7 14. Bb5 1/2-1/2

[Event "Asuncion-A 2nd"]
[Site "Asuncion"]
[Date "2009.07.03"]
[Round "6"]
[White "Soppe, Guillermo"]
[Black "Cubas, Jose Fernando"]
[Result "1/2-1/2"]
[WhiteElo "2427"]
[BlackElo "2434"]
[PlyCount "62"]
[EventDate "2009.06.28"]
[EventType "tourn"]
[EventRounds "9"]
[EventCountry "PAR"]
[EventCategory "8"]
[SourceTitle "CBM 131 Extra"]
[Source "ChessBase"]
[SourceDate "2009.09.03"]
[SourceVersion "2"]
[SourceVersionDate "2009.09.16"]
[SourceQuality "1"]

1. Nf3 d5 2. g3 Nf6 3. Bg2 c6 4. 0-0 Bf5 5. d3 h6 6. c4 e6 7. Be3 dxc4 8. dxc4 Qxd1 9. Rxd1 Nbd7 10. Nc3 e5 11. h3 Be6 12. Nd2 Nb6 13. b3 Nfd7 14. Nde4 f5 15. Nd6+ Bxd6 16. Rxd6 Ke7 17. Rdd1 Rad8 18. a4 Nc8 19. a5 a6 20. Bc1 Kf7 21. Ba3 Nf6 22. Na4 Ne7 23. Nc5 Bc8 24. Bb2 Ng6 25. Kf1 h5 26. h4 Ng4 27. Ke1 f4 28. Ne4 fxg3 29. Ng5+ Kf6 30. Ne4+ Kf7 31. Ng5+ Kf6 1/2-1/2

[Event "Asuncion-A 2nd"]
[Site "Asuncion"]
[Date "2009.07.02"]
[Round "5"]
[White "Lujan, Carolina"]
[Black "Soppe, Guillermo"]
[Result "1/2-1/2"]
[WhiteElo "2364"]
[BlackElo "2427"]
[PlyCount "31"]
[EventDate "2009.06.28"]
[EventType "tourn"]
[EventRounds "9"]
[EventCountry "PAR"]
[EventCategory "8"]
[SourceTitle "CBM 131 Extra"]
[Source "ChessBase"]
[SourceDate "2009.09.03"]
[SourceVersion "2"]
[SourceVersionDate "2009.09.16"]
[SourceQuality "1"]

1. e4 c6 2. d4 d5 3. exd5 cxd5 4. c4 Nf6 5. Nc3 Nc6 6. Nf3 Be6 7. cxd5 Bxd5 8. Be2 e6 9. 0-0 Be7 10. Ne5 0-0 11. Bg5 a6 12. Qd3 Qd6 13. Bf4 Qb4 14. a3 Nxe5 15. Bxe5 Qb3 16. Qg3 1/2-1/2

[Event "Asuncion-A 2nd"]
[Site "Asuncion"]
[Date "2009.06.29"]
[Round "2"]
[White "Soppe, Guillermo"]
[Black "Zambrana, Oswaldo"]
[Result "0-1"]
[WhiteElo "2427"]
[BlackElo "2473"]
[PlyCount "82"]
[EventDate "2009.06.28"]
[EventType "tourn"]
[EventRounds "9"]
[EventCountry "PAR"]
[EventCategory "8"]
[SourceTitle "CBM 131 Extra"]
[Source "ChessBase"]
[SourceDate "2009.09.03"]
[SourceVersion "2"]
[SourceVersionDate "2009.09.16"]
[SourceQuality "1"]

1. Nf3 d5 2. c4 c6 3. d4 Nf6 4. Nc3 e6 5. g3 Be7 6. Bg2 0-0 7. 0-0 Nbd7 8. Qd3 b6 9. e4 Ba6 10. b3 dxc4 11. bxc4 e5 12. Rd1 Qc7 13. dxe5 Nxe5 14. Nxe5 Qxe5 15. Bf4 Qh5 16. h3 Rad8 17. Qc2 Bxc4 18. Rxd8 Rxd8 19. Qa4 b5 20. Qxa7 Qc5 21. Qc7 Rd3 22. e5 Nd5 23. Nxd5 cxd5 24. Qb8+ Bf8 25. Re1 Qb4 26. Rc1 Ra3 27. e6 fxe6 28. Qe5 Ra6 29. h4 Qc5 30. Bh3 d4 31. Qb8 d3 32. a4 bxa4 33. Be3 Qb5 34. Qc8 Rc6 35. Qa8 Bd5 36. Rxc6 Qxc6 37. Qxc6 Bxc6 38. Bxe6+ Kh8 39. Bc4 Be4 40. f3 Bxf3 41. Bxd3 Bd5 0-1

[Event "Asuncion-A 2nd"]
[Site "Asuncion"]
[Date "2009.06.28"]
[Round "1"]
[White "Rodriguez Vila, Andres"]
[Black "Soppe, Guillermo"]
[Result "1/2-1/2"]
[WhiteElo "2524"]
[BlackElo "2427"]
[PlyCount "122"]
[EventDate "2009.06.28"]
[EventType "tourn"]
[EventRounds "9"]
[EventCountry "PAR"]
[EventCategory "8"]
[SourceTitle "CBM 131 Extra"]
[Source "ChessBase"]
[SourceDate "2009.09.03"]
[SourceVersion "2"]
[SourceVersionDate "2009.09.16"]
[SourceQuality "1"]

1. e4 c6 2. d4 d5 3. Nd2 dxe4 4. Nxe4 Bf5 5. Ng3 Bg6 6. Bc4 e6 7. N1e2 Bd6 8. 0-0 Nd7 9. f4 Ne7 10. h4 h5 11. Bd3 Nf5 12. Nxf5 Bxf5 13. Bxf5 exf5 14. Qd3 Qxh4 15. Qxf5 Nf6 16. Qg5 Qg4 17. Ng3 0-0-0 18. Nf5 Ne4 19. Qxg4 hxg4 20. Re1 g6 21. Ne7+ Bxe7 22. Rxe4 Bh4 23. Bd2 f5 24. Re3 Rhe8 25. Kf1 Rxe3 26. Bxe3 Re8 27. Ke2 Re4 28. Kd3 Bg3 29. Rf1 b5 30. c3 a6 31. b3 Kd7 32. a4 Kd6 33. c4 Kd7 34. Bd2 Bh2 35. a5 Bg3 36. Rh1 Bxf4 37. Rh7+ Kc8 38. Bxf4 Rxf4 39. Rg7 Rf2 40. Rxg6 Kb7 41. Rg7+ Kb8 42. Rg5 Rxg2 43. Rxf5 Rg3+ 44. Ke4 Rxb3 45. c5 Rf3 46. Rg5 Rf7 47. Ke5 Kc7 48. Rxg4 Re7+ 49. Kf6 Rd7 50. Rh4 Rd8 51. Rg4 Rd5 52. Ke6 Rd7 53. Rh4 Rd5 54. Rh7+ Kc8 55. Ra7 Rxd4 56. Rxa6 Kb7 57. Rb6+ Kc7 58. a6 Rd1 59. Rb7+ Kc8 60. Rh7 Kb8 61. Rb7+ Kc8 1/2-1/2

[Event "Ciudad del Este Ingolotti Memorial"]
[Site "Ciudad del Este"]
[Date "2008.01.08"]
[Round "9"]
[White "Soppe, Guillermo"]
[Black "Valiente, Cristobal"]
[Result "1-0"]
[WhiteElo "2426"]
[BlackElo "2273"]
[PlyCount "43"]
[EventDate "2008.01.04"]
[EventType "tourn"]
[EventRounds "10"]
[EventCountry "PAR"]
[EventCategory "5"]
[SourceTitle "CBM 122 Extra"]
[Source "ChessBase"]
[SourceDate "2008.03.04"]
[SourceVersion "1"]
[SourceVersionDate "2008.03.04"]
[SourceQuality "1"]

1. Nf3 c5 2. c4 Nc6 3. Nc3 Nf6 4. g3 g6 5. Bg2 Bg7 6. d4 0-0 7. 0-0 d6 8. d5 Na5 9. Nd2 a6 10. Qc2 Rb8 11. b3 b5 12. Rb1 e6 13. Bb2 exd5 14. Nxd5 Nxd5 15. Bxd5 Be6 16. Bxg7 Kxg7 17. Qc3+ Kg8 18. Ne4 Bxd5 19. Nf6+ Kh8 20. cxd5 b4 21. Qa1 Rb7 22. e4 1-0

[Event "Ciudad del Este Ingolotti Memorial"]
[Site "Ciudad del Este"]
[Date "2008.01.07"]
[Round "6"]
[White "Diaz Hollemaert, Nahuel Carlos"]
[Black "Soppe, Guillermo"]
[Result "1/2-1/2"]
[WhiteElo "2429"]
[BlackElo "2426"]
[PlyCount "27"]
[EventDate "2008.01.04"]
[EventType "tourn"]
[EventRounds "10"]
[EventCountry "PAR"]
[EventCategory "5"]
[SourceTitle "CBM 122 Extra"]
[Source "ChessBase"]
[SourceDate "2008.03.04"]
[SourceVersion "1"]
[SourceVersionDate "2008.03.04"]
[SourceQuality "1"]

1. d4 d5 2. Nf3 Nf6 3. c4 e6 4. Nc3 Be7 5. cxd5 exd5 6. Bg5 c6 7. Qc2 0-0 8. e3 Nbd7 9. Bd3 Re8 10. 0-0 g6 11. h3 Nh5 12. Bxe7 Qxe7 13. Rab1 Nb6 14. Na4 1/2-1/2